Southville International School and Colleges
Your cart is empty.
  • Cart
  • Lists
    Public lists Eva Luna New books Lux_list list_1
    Your lists Log in to create your own lists
  • Log in to your account
  • Your cookies
  • Search history
Southville International School and Colleges
  • Advanced search
  • Recent comments
  • Most popular
  • Libraries

Log in to your account

Log in with GOOGLE


If you do not have an external account, but do have a local account, you can still log in:

  1. Home
  2. MARC view: Florante at Laura /
Normal view MARC view ISBD view

Florante at Laura / (Record no. 360194)

[ view plain ]
MARC details
000 -LEADER
fixed length control field 00685nam a2200241Ia 4500
008 - FIXED-LENGTH DATA ELEMENTS--GENERAL INFORMATION
fixed length control field 181129s9999 xx 000 0 und d
020 ## - INTERNATIONAL STANDARD BOOK NUMBER
International Standard Book Number 9789715698962
050 ## - LIBRARY OF CONGRESS CALL NUMBER
Classification number 899.2
050 ## - LIBRARY OF CONGRESS CALL NUMBER
Item number B171 2017
100 ## - MAIN ENTRY--PERSONAL NAME
Personal name Balagtas, Francisco
245 #0 - TITLE STATEMENT
Title Florante at Laura /
245 #0 - TITLE STATEMENT
Statement of responsibility, etc by Francisco Balagtas ; translated by Randy M. Bustamante.
260 ## - PUBLICATION, DISTRIBUTION, ETC. (IMPRINT)
Place of publication, distribution, etc Makati, Philippines :
260 ## - PUBLICATION, DISTRIBUTION, ETC. (IMPRINT)
Name of publisher, distributor, etc Bookmark,
260 ## - PUBLICATION, DISTRIBUTION, ETC. (IMPRINT)
Date of publication, distribution, etc 2017
300 ## - PHYSICAL DESCRIPTION
Extent 95 pages :
300 ## - PHYSICAL DESCRIPTION
Other physical details some colored illustrations ;
300 ## - PHYSICAL DESCRIPTION
Dimensions 23cm.
650 ## - SUBJECT ADDED ENTRY--TOPICAL TERM
Topical term or geographic name as entry element Baltazar, Francisco (Balagtas), 1788-1862. Florante at Laura.
650 ## - SUBJECT ADDED ENTRY--TOPICAL TERM
Topical term or geographic name as entry element Filipino poetry.
700 ## - ADDED ENTRY--PERSONAL NAME
Personal name Bustamante, Randy M.
700 ## - ADDED ENTRY--PERSONAL NAME
Personal name Title.
Holdings
Withdrawn status Lost status Damaged status Home library Current library Shelving location Date acquired Total Checkouts Full call number Barcode Date last seen Price effective from Koha item type
      Stonyhurst Southville International School (Malarayat) Stonyhurst Southville International School (Malarayat)   11/29/2018   FIL 899.2 B171 2017 SSISM5988 11/29/2018 11/29/2018 Books

Florante at Laura /

APA

Balagtas F., Bustamante R. M. & Title.Florante at Laura. Makati, Philippines: .

Chicago

Balagtas Francisco, Bustamante Randy M and Title.Florante at Laura. Makati, Philippines: .

Harvard

Balagtas F., Bustamante R. M. and Title.Florante at Laura. Makati, Philippines: .

MLA

Balagtas Francisco, Bustamante Randy M and Title.Makati, Philippines: . .

  • Place hold
  • Print
  • Cite
  • Add to your cart (remove)
  • Save record
    BIBTEX Dublin Core MARCXML MARC (non-Unicode/MARC-8) MARC (Unicode/UTF-8) MARC (Unicode/UTF-8, Standard) MODS (XML) RIS
  • More searches
    Search for this title in:
    Other Libraries (WorldCat) Other Databases (Google Scholar) Online Stores (Bookfinder.com) Open Library (openlibrary.org)

Exporting to Dublin Core...

SOUTHVILLE LIBRARY

Southville International School and Colleges Library

1281 Tropical Ave. Cor. Luxembourg St., BF Homes International, Las Pinas City

Tel. No. 8256374 / 252358 Loc. 117/146

Powered by Koha